Zamestnanosť - politika v krízovej situácii. Skúsenosti z útlmu hutníckej výroby v hutníckom podniku v Ózde v Maďarskej republike.
Svetová kríza hutníctva a jej vplyv na situáciu v Maďarskej republike. Podrobný popis toho, ako sa s touto situáciou vysporiadali v podniku v Ózde. Vplyv celosvetového trhu na hospodárstvo a tvrdé súperenie vedú rýchlejšie k účinným inovačným riešeniam a k pružnému prispôsobovaniu sa ako štátne podp...
Salvato in:
| Autore principale: | |
|---|---|
| Natura: | Capitolo di libro |
| Lingua: | slovacco |
| Soggetti: | |
| Tags: |
Nessun Tag, puoi essere il primo ad aggiungerne!!
|
MARC
| LEADER | 00000naa a2200000 4500 | ||
|---|---|---|---|
| 001 | r011922 | ||
| 005 | 20220831094633.6 | ||
| 041 | 0 | |a slo | |
| 044 | |a SK | ||
| 245 | 1 | 0 | |a Zamestnanosť - politika v krízovej situácii. |b Skúsenosti z útlmu hutníckej výroby v hutníckom podniku v Ózde v Maďarskej republike. |c Eulália Ižová |
| 520 | |a Svetová kríza hutníctva a jej vplyv na situáciu v Maďarskej republike. Podrobný popis toho, ako sa s touto situáciou vysporiadali v podniku v Ózde. Vplyv celosvetového trhu na hospodárstvo a tvrdé súperenie vedú rýchlejšie k účinným inovačným riešeniam a k pružnému prispôsobovaniu sa ako štátne podpory bez tvrdých kritérií. | ||
| 610 | 2 | 0 | |a zamestnanosť |
| 610 | 2 | 0 | |a hutníctvo |
| 610 | 2 | 0 | |a podnik |
| 610 | 2 | 0 | |a MR |
| 100 | 1 | |a Ižová, Eulália | |